书目信息 |
| 书名: | Beyond the observatory | |
| 作者: | Harlow Shapley. | |
| 分册号: | ||
| 分册名: | 出版地: | New York : |
|
| 出版社: | Scribner | |
| 出版时间: | [1967]. | |
| 页数: | 222 p. ; | |
| 开本: | 22 cm. | |
| 丛书名: | ||
| 中图分类号: | ||
| 科图分类号: | ||
| 其他分类号: | P112 | |
| 主题词: | ||
| 电子资源: | ||
| 000 | 00907nam 22000205i 450 9 | |
| 001 | E0737346306 | |
| 005 | 20070414102312.90 | |
| 008 | 830808m1967 u y b 000 0 | |
| 041 | @aeng | |
| 050 | @aQ171@b.S54 | |
| 082 | 04 | @a508/.1 |
| 090 | @aP112 | |
| 090 | @aP112 | |
| 099 | @dP112@ex20 | |
| 100 | 1 | @aShapley@cHarlow,@d1885-1972. |
| 245 | 10 | @aBeyond the observatory / @cHarlow Shapley. |
| 260 | 1 | @aNew York :@bScribner,@c[1967]. |
| 300 | @a222 p. ;@c22 cm. | |
| 505 | 1 | @aTen revelations.--Breathing the future and the past.--Life among the dwarfs.--Six notes on planets and life.--Life and hope in the psychozoic era.--Thirty deductions from a glimmer of star light.--Out of the whirlwind.--Apologies to a comet.--The five beasts of my own Apocalypse.--On the prolonging of civilization.--The scientist outside the laboratory.--Bibliography (p. 213) |
| 650 | 4 | @aScience@xAddresses, essays, lectures. |
| Beyond the observatory / / Harlow Shapley.-New York : : Scribner, , [1967]. |
| 222 p. ; ; 22 cm. |
| Ten revelations.--Breathing the future and the past.--Life among the dwarfs.--Six notes on planets and life.--Life and hope in the psychozoic era.--Thirty deductions from a glimmer of star light.--Out of the whirlwind.--Apologies to a comet.--The five beasts of my own Apocalypse.--On the prolonging of civilization.--The scientist outside the laboratory.--Bibliography (p. 213) |
| ISBN |
| ● |
| 相关链接 |
|
|
|
|
正题名:Beyond the observatory
索取号:P112/x20
 
预约/预借
| 序号 | 登录号 | 条形码 | 馆藏地/架位号 | 状态 | 备注 |
| 1 | 004050 | 300040505 | 第二样本阅览室/ [索取号:P112/x20] | 在馆 |